000 00988nas a2200313 4500
001 BR0504108
003 BR-BrBNA
005 20231205105533.0
007 ta
008 230509b bl.|||p| |||| 00| 00por d
040 _aBR-BrBNA
_bpor
_cBiblioteca Nacional de Agricultura
041 _a(Pt)
072 _aF02
100 1 _aBotelho, R.V.
100 1 _aMaia, A.J.
100 1 _aPires, E.J.P.
100 1 _aTerra, M.M.
100 1 _aSchuck, E.
245 1 _aEfeitos de reguladores vegetais na propagação vegetativa do porta-enxerto de videira '43-43' (Vitis vinifera x V. rotundifolia)
650 _aUVA
650 _aÁCIDO INDOLBUTÍRICO
650 _aPORTA ENXERTO
650 _aENRAIZAMENTO DE ESTACA
650 _aMÉTODO DE MELHORAMENTO
650 _aPROPAGAÇÃO VEGETATIVA
773 0 _tRevista Brasileira de Fruticultura (Brazil)
_xISSN 0100-2945
_g(Apr 2005), v. 27(1) p. 6-8
_wBR0504108
909 _a202311
_bLúcia
_c55
_dLúcia Elande
942 _2AGRIS
_n0
_cANA
999 _c183450
_d183450